Normal view MARC view

Entry Personal Name

Number of records used in: 1

001 - CONTROL NUMBER

  • control field: 57109

003 - CONTROL NUMBER IDENTIFIER

  • control field: MY-SjTCS

005 - DATE AND TIME OF LATEST TRANSACTION

  • control field: 20191205134543.0

008 - FIXED-LENGTH DATA ELEMENTS

  • fixed length control field: 120717nn a|a||abb| a a|a d

039 #9 -

  • : 201207171035
  • : wilmina

040 ## - CATALOGING SOURCE

  • Original cataloging agency: VRT
  • Transcribing agency: VRT

100 1# - HEADING--PERSONAL NAME

  • Personal name: Lusensky, Jakob.

670 ## - SOURCE DATA FOUND

  • Source citation: Sounds like branding, 2011.:
  • Information found: t.p. (Jakob Lusensky.)

999 ## -

  • : VIRTUA4 xeng

999 ## -

  • : VTLSSORT0080*0400*1000*6700*9991